00821naa a2200241 uc450000100070000000500170000700800410002403500110006504000130007604100080008910000430009724500900014030000150023065000450024565000190029065000480030965000410035765000350039865000430043377300740047699900190055094200100056935300320240515091144.0990309s1998 eng  a353003 ccomduadb aeng10aKurbanoglu, S .Serap4auteaut949985210aInformation need and information seeking behavior of scholars at a turkish university aV1 p.29-33 7aBibliotecas universitarias2lemb9185262 aTurquia924390 7aNecesidades de información2armarc956113 7aUsuarios de bibliotecas2lemb953070 aFormación de usuarios921730 7aProfesores universitarios2lemb9438510 tIFLA General ConferencegV1 p.29-33w322003w(OCoLC)7777438660103084 c112940d112940 cBKCAP